[Event "12sen.WM-H Naumburg"]
[Site "Naumburg/Saale(20.10.-03.11.)"]
[Date "2002.10.22"]
[Round "9"]
[White "Goy, Udo"]
[Black "Malinichev, Konstantin"]
[Result "0-1"]
[WhiteElo "2193"]
[BlackElo "2300"]
[PlyCount "62"]
[EventDate "2002.11.??"]

1. d4 Nf6 2. Nf3 e6 3. g3 c5 4. Bg2 Nc6 5. O-O cxd4 6. Nxd4 Qb6 7. Nxc6 dxc6 8.
Nd2 e5 9. a4 Qc7 10. c3 Bg4 11. h3 Be6 12. a5 Be7 13. Qa4 O-O 14. Nf3 Nd7 15.
Qc2 h6 16. c4 Rad8 17. b3 f5 18. e3 c5 19. Bb2 e4 20. Nh2 Ne5 21. Rfd1 Bf6 22.
Bc3 a6 23. Kh1 Qe7 24. Bf1 Bd7 25. Rab1 Nc6 26. Be1 Be5 27. Bg2 Nb4 28. Bxb4
cxb4 29. Nf1 Bc6 30. g4 fxg4 31. Bxe4 Rxf2 0-1

[Event "12sen.WM-H Naumburg"]
[Site "Naumburg/Saale(20.10.-03.11.)"]
[Date "2002.10.31"]
[Round "9"]
[White "Gruzmann, Boris"]
[Black "Klundt, Klaus"]
[Result "1/2-1/2"]
[WhiteElo "2265"]
[BlackElo "2385"]
[PlyCount "57"]
[EventDate "2002.11.??"]

1. e4 c5 2. Nf3 Nc6 3. d4 cxd4 4. Nxd4 e5 5. Nb5 a6 6. Nd6+ Bxd6 7. Qxd6 Qe7 8.
Qd1 Nf6 9. Nc3 h6 10. Be3 O-O 11. Be2 d6 12. O-O Be6 13. Qd2 b5 14. Nd5 Bxd5
15. exd5 Nd4 16. Bxd4 exd4 17. Rfe1 Qa7 18. a4 Qc5 19. Red1 Rac8 20. axb5 axb5
21. Rac1 Rfe8 22. Bf1 Re4 23. c3 Qxd5 24. cxd4 Rxc1 25. Qxc1 Rxd4 26. Qc8+ Kh7
27. Rxd4 Qxd4 28. Qf5+ g6 29. Qxb5 1/2-1/2

[Event "12sen.WM-H Naumburg"]
[Site "Naumburg/Saale(20.10.-03.11.)"]
[Date "2002.10.31"]
[Round "9"]
[White "Gurgenidze, Bukhuti"]
[Black "Daniel, Wolfgang"]
[Result "1-0"]
[WhiteElo "2198"]
[BlackElo "1885"]
[PlyCount "67"]
[EventDate "2002.11.??"]

1. e4 e5 2. Nf3 Nf6 3. d4 exd4 4. e5 Ne4 5. Qxd4 d5 6. exd6 Nxd6 7. Nc3 Nc6 8.
Qf4 Nf5 9. Bb5 Bd6 10. Qe4+ Qe7 11. O-O Qxe4 12. Nxe4 O-O 13. Nxd6 cxd6 14. c3
Be6 15. Rd1 Rfd8 16. Bf4 d5 17. Ne5 Nxe5 18. Bxe5 Rac8 19. Bd4 Nxd4 20. Rxd4
Rc5 21. Be2 Rb8 22. a3 b5 23. Rad1 a5 24. h3 g6 25. R1d2 Kg7 26. Bf3 Rc4 27.
Bxd5 Rxd4 28. Rxd4 Bxd5 29. Rxd5 b4 30. Rxa5 bxc3 31. bxc3 Rb1+ 32. Kh2 Rb3 33.
c4 Rc3 34. c5 1-0

[Event "12sen.WM-H Naumburg"]
[Site "Naumburg/Saale(20.10.-03.11.)"]
[Date "2002.10.31"]
[Round "9"]
[White "Hansen, Hans"]
[Black "Barnstedt, Dietrich"]
[Result "1/2-1/2"]
[WhiteElo "1871"]
[BlackElo "2035"]
[PlyCount "90"]
[EventDate "2002.11.??"]

1. e4 e5 2. Nf3 Nf6 3. Nxe5 d6 4. Nf3 Nxe4 5. d4 Be7 6. Bd3 d5 7. O-O O-O 8.
Re1 Nd6 9. Bf4 Bg4 10. Nbd2 Bf6 11. h3 Bh5 12. c3 c6 13. Qb3 b6 14. Qb4 Nb7 15.
Rac1 Bg6 16. Bxg6 hxg6 17. Qa4 b5 18. Qa3 a5 19. Re3 Nd7 20. Rce1 Qb6 21. Qb3
c5 22. Qxd5 cxd4 23. Nxd4 Rad8 24. Nc6 Ne5 25. Nxd8 Rxd8 26. Qe4 Nc5 27. Qb1
Ned3 28. Re8+ Kh7 29. Rxd8 Nxf4 30. Rde8 Ncd3 31. Ne4 Bh4 32. Re3 f5 33. Rxd3
fxe4 34. Rd2 Bxf2+ 35. Rxf2 Ne2+ 36. Kf1 Ng3+ 37. Ke1 Qe3+ 38. Kd1 Qxf2 39.
Rxe4 Nxe4 40. Qxe4 Qxb2 41. Qh4+ Kg8 42. Qd8+ Kh7 43. Qxa5 Qb1+ 44. Ke2 Qe4+
45. Kf2 Qf4+ 1/2-1/2

[Event "12sen.WM-H Naumburg"]
[Site "Naumburg/Saale(20.10.-03.11.)"]
[Date "2002.10.31"]
[Round "9"]
[White "Hesselbarth, Karlheinz"]
[Black "Fries, Karl_Heinz"]
[Result "1/2-1/2"]
[WhiteElo "1788"]
[BlackElo "1727"]
[PlyCount "118"]
[EventDate "2002.11.??"]

1. d4 d5 2. Nf3 e6 3. e3 c6 4. Bd3 f5 5. O-O Nf6 6. Nbd2 Bd6 7. b3 O-O 8. Bb2
Nbd7 9. c4 Ne4 10. Ne5 Qf6 11. f4 Qh6 12. Rf3 Qf6 13. Rc1 Qe7 14. Rc2 Ndf6 15.
Nf1 Bd7 16. Rh3 Be8 17. Ng3 Nxg3 18. hxg3 Bxe5 19. dxe5 Ng4 20. Qc1 Bg6 21.
cxd5 exd5 22. Ba3 Qc7 23. Bxf8 Rxf8 24. Kf1 Qb6 25. Rc5 Qb4 26. Ke2 Rd8 27. Rh1
Qb6 28. Qc3 a6 29. Qa5 Qxa5 30. Rxa5 Kf7 31. Rc5 Ra8 32. b4 Ke6 33. a4 Nh6 34.
Kd2 Ng4 35. Rf1 Nh6 36. Be2 Ng4 37. Bf3 h5 38. Bxg4 fxg4 39. Kc3 Be4 40. Rf2
Bg6 41. Kd4 Bf5 42. Rc1 Kd7 43. Ra1 Rc8 44. Rc1 g6 45. b5 axb5 46. axb5 Ra8 47.
bxc6+ bxc6 48. Rb2 Kc7 49. Kc3 c5 50. Kd2 Kc6 51. Ke1 Ra3 52. Kf2 c4 53. Re2
Rb3 54. e4 Bxe4 55. Rxe4 dxe4 56. Rxc4+ Kd5 57. Rc2 Kd4 58. Rd2+ Kc4 59. Re2
Kd4 1/2-1/2

[Event "12sen.WM-H Naumburg"]
[Site "Naumburg/Saale(20.10.-03.11.)"]
[Date "2002.10.31"]
[Round "9"]
[White "Heyse, Juergen"]
[Black "Kuehn, Peter"]
[Result "0-1"]
[WhiteElo "1560"]
[BlackElo "2008"]
[PlyCount "68"]
[EventDate "2002.11.??"]

1. d4 f5 2. Nc3 Nf6 3. Bg5 e6 4. e3 b6 5. Be2 Bb7 6. Bf3 c6 7. Nge2 Be7 8. Bf4
O-O 9. Nb5 d6 10. c4 a6 11. Nbc3 Nbd7 12. e4 e5 13. dxe5 dxe5 14. Bg5 fxe4 15.
Nxe4 Nxe4 16. Bxe7 Qxe7 17. Bxe4 Nf6 18. Qc2 Nxe4 19. Qxe4 Qb4+ 20. Kf1 Qxb2
21. Qb1 Qxb1+ 22. Rxb1 Rad8 23. f3 b5 24. a4 Rd2 25. cxb5 axb5 26. axb5 cxb5
27. Rxb5 Ba6 28. Rxe5 Rd1+ 29. Kf2 Rxh1 30. Ng1 Rxh2 31. Nh3 Rh1 32. Ng1 Rh6
33. Re7 Rhf6 34. Nh3 h6 0-1

[Event "12sen.WM-H Naumburg"]
[Site "Naumburg/Saale(20.10.-03.11.)"]
[Date "2002.10.31"]
[Round "9"]
[White "Hilburt, Leonid"]
[Black "Krueger, Sigurd"]
[Result "0-1"]
[WhiteElo "2106"]
[BlackElo "1872"]
[PlyCount "118"]
[EventDate "2002.11.??"]

1. e4 c6 2. d4 d5 3. Nd2 dxe4 4. Nxe4 Bf5 5. Ng3 Bg6 6. f4 e6 7. Nf3 Bd6 8. Bc4
Nd7 9. O-O Nb6 10. Bb3 Qc7 11. Ne5 Ne7 12. c3 O-O-O 13. Qe2 Kb8 14. Ne4 Bxe5
15. dxe5 Bxe4 16. Qxe4 g6 17. Be3 c5 18. Rad1 Nf5 19. Bf2 h5 20. a4 c4 21. a5
cxb3 22. axb6 axb6 23. Ra1 Qc6 24. Qb4 Rd5 25. c4 Rd3 26. Bxb6 Nh4 27. Rf2 Re8
28. Bc5 Nf5 29. Bb6 Nd4 30. Qd6+ Qxd6 31. exd6 Nc2 32. Bc7+ Kc8 33. Ra4 Kd7 34.
Rf3 Rd1+ 35. Rf1 Rd2 36. Rb1 e5 37. fxe5 Rxe5 38. Rf1 f5 39. Ba5 Rxd6 40. Bc3
Re2 41. Ra5 Ne3 42. c5 Rd5 43. Re1 Rxe1+ 44. Bxe1 Kc6 45. Ra3 Nc2 46. Rxb3 Nxe1
47. Rb6+ Kxc5 48. Rxb7 Kc6 49. Ra7 Kb6 50. Re7 Rd1 51. Re6+ Kc5 52. Kf2 Nd3+
53. Kf3 g5 54. Rf6 Kd4 55. Ke2 Re1+ 56. Kd2 Rb1 57. Rd6+ Ke4 58. Rxd3 Rxb2+ 59.
Kc3 Rb3+ 0-1

[Event "12sen.WM-H Naumburg"]
[Site "Naumburg/Saale(20.10.-03.11.)"]
[Date "2002.10.31"]
[Round "9"]
[White "Hoeschele, Hans_Ulrich"]
[Black "Gudat, Alfons"]
[Result "1-0"]
[WhiteElo "2159"]
[BlackElo "2054"]
[PlyCount "119"]
[EventDate "2002.11.??"]

1. Nf3 Nf6 2. b3 g6 3. Bb2 Bg7 4. e4 d6 5. Be2 O-O 6. d3 e5 7. Nbd2 Nc6 8. O-O
Nh5 9. Re1 Nf4 10. Bf1 g5 11. g3 Ng6 12. Nc4 f5 13. exf5 Bxf5 14. Ne3 Be6 15.
Bg2 d5 16. Rb1 h6 17. c4 d4 18. Nf1 Qf6 19. N1d2 Bf5 20. Ne4 Bxe4 21. Rxe4 Rae8
22. Ba3 Rf7 23. Qe1 Rd8 24. Nd2 Nce7 25. Re2 Qa6 26. Qc1 Kh8 27. Ne4 b6 28. Bh3
c5 29. b4 cxb4 30. Bxb4 Nf5 31. Bg4 Nge7 32. Rb3 Qa4 33. c5 Nd5 34. cxb6 axb6
35. Ba3 Rc7 36. Rc2 Rxc2 37. Qxc2 Nfe7 38. Qc1 Qc6 39. Qxc6 Nxc6 40. Be6 Nc3
41. Rxb6 Nxe4 42. Rxc6 Nc3 43. Bb4 e4 44. Bxc3 dxc3 45. dxe4 Rd1+ 46. Kg2 Bd4
47. Kf3 Rd2 48. Kg4 Rxf2 49. Bb3 Kg7 50. h3 Rh2 51. Kf5 Rf2+ 52. Ke6 Rd2 53.
Rc7+ Kf8 54. Rc4 Kg7 55. g4 Rd3 56. e5 Bf2 57. Rc7+ Kh8 58. Kf7 Bb6 59. Rc8+
Bd8 60. Kg6 1-0

[Event "12sen.WM-H Naumburg"]
[Site "Naumburg/Saale(20.10.-03.11.)"]
[Date "2002.10.31"]
[Round "9"]
[White "Hohler, Peter"]
[Black "Hamm, Georg"]
[Result "1/2-1/2"]
[WhiteElo "2210"]
[BlackElo "2078"]
[PlyCount "43"]
[EventDate "2002.11.??"]

1. c4 Nf6 2. Nc3 g6 3. e4 d6 4. d4 Bg7 5. Bd3 Nc6 6. Nge2 e5 7. d5 Ne7 8. O-O
O-O 9. Rb1 Ne8 10. f4 exf4 11. Bxf4 Nf6 12. Qd2 Ng4 13. Bc2 Kh8 14. Nd4 Ne5 15.
b3 Ng8 16. Nf3 Qe7 17. Rbe1 Bg4 18. Ne2 a6 19. a4 Rfb8 20. Ned4 Rf8 21. Kh1
Rae8 22. Bg5 1/2-1/2

[Event "12sen.WM-H Naumburg"]
[Site "Naumburg/Saale(20.10.-03.11.)"]
[Date "2002.10.31"]
[Round "9"]
[White "Jaeger, Erich[30Neust]"]
[Black "Bogorad, Michail"]
[Result "1/2-1/2"]
[WhiteElo "1837"]
[BlackElo "2197"]
[PlyCount "60"]
[EventDate "2002.11.??"]

1. d4 c5 2. d5 Nf6 3. g3 g6 4. Bg2 d6 5. e4 Bg7 6. Ne2 O-O 7. O-O Nbd7 8. c4 b5
9. cxb5 a6 10. Nbc3 axb5 11. Nxb5 Ba6 12. Nec3 Nb6 13. a4 Nfd7 14. a5 Nc4 15.
Qa4 Bxb5 16. Qxb5 Rxa5 17. Rxa5 Nxa5 18. Bd2 c4 19. Na4 Nb3 20. Bc3 Bxc3 21.
bxc3 Ne5 22. f4 Ng4 23. Re1 Qc7 24. Qb6 Qc8 25. h3 Qa8 26. hxg4 Qxa4 27. e5
dxe5 28. fxe5 Qa2 29. Qf2 Qa5 30. Qe3 Rc8 1/2-1/2

[Event "12sen.WM-H Naumburg"]
[Site "Naumburg/Saale(20.10.-03.11.)"]
[Date "2002.10.31"]
[Round "9"]
[White "Jaki, Ingo"]
[Black "Braun, Gottfried_Dr"]
[Result "0-1"]
[WhiteElo "2073"]
[BlackElo "2243"]
[PlyCount "96"]
[EventDate "2002.11.??"]

1. c4 e5 2. Nc3 f5 3. d3 Nf6 4. g3 Be7 5. Bg2 O-O 6. e3 c6 7. Nge2 Na6 8. a3
Nc7 9. b4 d6 10. Qc2 Bd7 11. O-O Rb8 12. d4 e4 13. f4 Qe8 14. Qa4 a6 15. Qc2
Qf7 16. Nd1 Be6 17. Nb2 Rbc8 18. Bd2 Qh5 19. Rfe1 Nd7 20. Kf2 Ne8 21. Rh1 Nef6
22. h3 b5 23. c5 Qf7 24. Rag1 h5 25. Ke1 a5 26. Nc1 axb4 27. Bxb4 dxc5 28. dxc5
Nd5 29. Nd1 N7f6 30. Bf1 Ra8 31. Be2 Rfd8 32. g4 fxg4 33. hxg4 hxg4 34. Rh2 Bf5
35. Rgh1 Qe6 36. Rh8+ Kf7 37. Rxd8 Rxd8 38. Nb3 Nxb4 39. axb4 Nd5 40. Qb1 Bf6
41. Nd2 Nc3 42. Qc1 Nxe2 43. Kxe2 Qa2 44. Nc3 Rxd2+ 45. Qxd2 Qc4+ 46. Kf2 Qxc3
47. Qa2+ Be6 48. Qa8 Qd2+ 0-1

[Event "12sen.WM-H Naumburg"]
[Site "Naumburg/Saale(20.10.-03.11.)"]
[Date "2002.10.31"]
[Round "9"]
[White "Jugow, Alexander"]
[Black "Limberg, Siegfried"]
[Result "1-0"]
[WhiteElo "2242"]
[BlackElo "2128"]
[PlyCount "115"]
[EventDate "2002.11.??"]

1. e4 e6 2. d3 d5 3. Nd2 Nf6 4. Ngf3 dxe4 5. dxe4 Bc5 6. Bd3 Nbd7 7. Nb3 Bb6 8.
Qe2 e5 9. Bg5 Qe7 10. O-O O-O 11. h3 h6 12. Bd2 Re8 13. Bc3 Nh5 14. Nxe5 Nf4
15. Qf3 Nxh3+ 16. gxh3 Nxe5 17. Qg3 Qg5 18. Kg2 Qxg3+ 19. Kxg3 Bd7 20. f4 Nxd3
21. cxd3 Bb5 22. Rf3 Rad8 23. a4 Bxd3 24. a5 Bc2 25. axb6 Bxb3 26. Be5 Bc4 27.
Bxc7 axb6 28. Bxd8 Rxd8 29. Re1 Bb5 30. e5 Bc6 31. Rfe3 Rd2 32. b3 Rg2+ 33. Kh4
g5+ 34. fxg5 hxg5+ 35. Kh5 Kg7 36. h4 gxh4 37. Kxh4 Kg6 38. Rf1 b5 39. Rg3+
Rxg3 40. Kxg3 Bd5 41. b4 Kg5 42. Rf6 Be6 43. Kf3 Bd5+ 44. Ke3 Be6 45. Kd4 b6
46. Ke4 Kg4 47. Rf2 Kg5 48. Rg2+ Bg4 49. Rg1 Kh5 50. Kf4 Be6 51. Rd1 Kg6 52.
Rd6 Kg7 53. Rxb6 Bc4 54. Kg5 Bd3 55. Kf4 Kf8 56. Rb7 Ke8 57. Kg5 Bc4 58. Kf6
1-0

[Event "12sen.WM-H Naumburg"]
[Site "Naumburg/Saale(20.10.-03.11.)"]
[Date "2002.10.31"]
[Round "9"]
[White "Kahn, Manfred"]
[Black "Zoltek, Tadeuz"]
[Result "0-1"]
[WhiteElo "2177"]
[BlackElo "2317"]
[PlyCount "56"]
[EventDate "2002.11.??"]

1. c4 e6 2. Nc3 d5 3. d4 Nf6 4. Bg5 Be7 5. e3 O-O 6. Nf3 h6 7. Bxf6 Bxf6 8. Rc1
c6 9. Bd3 Nd7 10. O-O a6 11. Qe2 dxc4 12. Bxc4 e5 13. Rfd1 exd4 14. Nxd4 Qe8
15. Nf5 Bxc3 16. Nd6 Qe7 17. Rxc3 Ne5 18. Nxc8 Raxc8 19. Bb3 Rcd8 20. f4 Rxd1+
21. Bxd1 Nd7 22. e4 Qb4 23. g3 Nf6 24. Re3 Rd8 25. Bb3 Rd2 26. Qc4 Qb6 27. Qc3
Re2 28. Bxf7+ Kh8 0-1

[Event "12sen.WM-H Naumburg"]
[Site "Naumburg/Saale(20.10.-03.11.)"]
[Date "2002.10.31"]
[Round "9"]
[White "Kahn, Peter"]
[Black "Zhukov, Viktor"]
[Result "0-1"]
[WhiteElo "1939"]
[BlackElo "2220"]
[PlyCount "80"]
[EventDate "2002.11.??"]

1. d4 Nf6 2. Nf3 g6 3. Bg5 Ne4 4. Bh4 c5 5. e3 Qb6 6. Qc1 cxd4 7. exd4 Nc6 8.
c3 d5 9. Nbd2 Bh6 10. Qc2 Bf5 11. Bd3 Nxd2 12. Nxd2 Bxd3 13. Qxd3 Qxb2 14. Nb3
O-O 15. O-O e5 16. dxe5 Nxe5 17. Qxd5 Qxc3 18. Qxb7 a5 19. Bf6 a4 20. Qd5 Bf4
21. Qd4 Bxh2+ 22. Kh1 Qxd4 23. Nxd4 Ng4 24. f3 Nxf6 25. Kxh2 Rfd8 26. Nc6 Rd6
27. Rfc1 a3 28. Rc5 Rd2 29. Nb4 Re8 30. Rac1 Ree2 31. Rg1 Nh5 32. Rc4 Rb2 33.
Kh3 Kg7 34. Rd4 g5 35. g3 Rh2+ 36. Kg4 Kg6 37. f4 Nf6+ 38. Kf3 Rbe2 39. g4
Rhf2+ 40. Kg3 gxf4+ 0-1

[Event "12sen.WM-H Naumburg"]
[Site "Naumburg/Saale(20.10.-03.11.)"]
[Date "2002.10.31"]
[Round "9"]
[White "Kelchner, Hans"]
[Black "Glende, Siegfried"]
[Result "1-0"]
[WhiteElo "2149"]
[BlackElo "1708"]
[PlyCount "77"]
[EventDate "2002.11.??"]

1. d4 Nf6 2. Nc3 g6 3. Bg5 Bg7 4. e4 h6 5. Bh4 c6 6. Bd3 Qb6 7. Nge2 d6 8. Rb1
Nh5 9. Bc4 e6 10. O-O Qc7 11. Bb3 O-O 12. f4 d5 13. e5 f5 14. h3 Bh8 15. g4 Ng7
16. Ng3 Kh7 17. Nce2 c5 18. c3 b6 19. Kh1 Bb7 20. Rg1 fxg4 21. hxg4 Ne8 22. Bc2
Rg8 23. f5 Bxe5 24. fxg6+ Kh8 25. dxe5 Qxe5 26. Qd2 d4+ 27. Kh2 Qe3 28. Qxe3
dxe3 29. Rgf1 Bd5 30. Rf7 Ng7 31. Nf4 Nc6 32. Bf6 Nd8 33. Rxg7 Rxg7 34. Ngh5
Nc6 35. Bxg7+ Kg8 36. Bxh6 Rf8 37. Bxf8 Kxf8 38. Nxd5 exd5 39. g7+ 1-0

[Event "12sen.WM-H Naumburg"]
[Site "Naumburg/Saale(20.10.-03.11.)"]
[Date "2002.10.31"]
[Round "9"]
[White "Klose, Hans_Peter"]
[Black "Joch, Horst"]
[Result "1/2-1/2"]
[WhiteElo "1547"]
[BlackElo "1654"]
[PlyCount "29"]
[EventDate "2002.11.??"]

1. d4 e6 2. Nf3 d5 3. c4 c6 4. e3 Nd7 5. Be2 dxc4 6. Bxc4 Bb4+ 7. Bd2 Qe7 8.
O-O Ngf6 9. a3 Bd6 10. Nc3 Nb6 11. Ba2 e5 12. dxe5 Bxe5 13. Nxe5 Qxe5 14. f4
Qc7 15. h3 1/2-1/2

[Event "12sen.WM-H Naumburg"]
[Site "Naumburg/Saale(20.10.-03.11.)"]
[Date "2002.10.31"]
[Round "9"]
[White "Koerver, Erich"]
[Black "Kudoke, Willy"]
[Result "1/2-1/2"]
[WhiteElo "1723"]
[BlackElo "2024"]
[PlyCount "105"]
[EventDate "2002.11.??"]

1. e4 c5 2. Nf3 Nc6 3. d4 cxd4 4. Nxd4 g6 5. Nxc6 bxc6 6. Bd2 Bg7 7. Bc3 Nf6 8.
Bd3 O-O 9. O-O d6 10. Qd2 Rb8 11. Na3 Be6 12. b3 Qc7 13. f4 Ne8 14. Bxg7 Nxg7
15. Nc4 d5 16. Ne3 Rbd8 17. Qf2 d4 18. Nc4 Bxc4 19. Bxc4 e6 20. Rad1 c5 21. Rd3
Qe7 22. Rh3 h5 23. Bd3 f5 24. Qg3 Kh7 25. e5 Kh6 26. Qf2 Rd7 27. Rg3 Kh7 28.
Rg5 Rg8 29. Be2 Qf7 30. Qh4 Qe7 31. Rf3 Rh8 32. Qg3 Qf7 33. h4 Rg8 34. Rd3 Rc8
35. Rd1 Rb8 36. Qd3 Rc7 37. Qf3 a5 38. a4 Rd8 39. Qf2 Qe7 40. Qe1 Ra7 41. Bb5
Qb7 42. Qg3 Qf7 43. Qf2 Qe7 44. Rd3 Rg8 45. Rdg3 Qf7 46. Qd2 Rd8 47. Rd3 Re7
48. Rdg3 Qf8 49. c3 Red7 50. Rd3 dxc3 51. Qxc3 Rxd3 52. Bxd3 Qf7 53. Kh2
1/2-1/2

[Event "12sen.WM-H Naumburg"]
[Site "Naumburg/Saale(20.10.-03.11.)"]
[Date "2002.10.31"]
[Round "9"]
[White "Kosanski, Stanko"]
[Black "Kraidman, Yair"]
[Result "1-0"]
[WhiteElo "2385"]
[BlackElo "2310"]
[PlyCount "97"]
[EventDate "2002.11.??"]

1. e4 c5 2. Nf3 g6 3. d4 cxd4 4. Nxd4 Bg7 5. Nc3 Nc6 6. Nde2 Nf6 7. g3 d6 8.
Bg2 O-O 9. O-O Bd7 10. h3 Na5 11. a4 a6 12. Kh2 Rc8 13. g4 h6 14. Ra2 Nc6 15.
Bf4 Be6 16. Ra3 Ne5 17. Nd5 Bxd5 18. exd5 Rc4 19. b3 Rc8 20. a5 b5 21. axb6
Qxb6 22. Ra4 Rc7 23. Nd4 Rfc8 24. Be3 Qb7 25. f4 Ned7 26. Nc6 Nc5 27. Rb4 Qa8
28. Rc4 e6 29. dxe6 Rxc6 30. exf7+ Kh7 31. g5 Nfe4 32. b4 R6c7 33. bxc5 d5 34.
Rxe4 dxe4 35. f5 Be5+ 36. Kg1 h5 37. fxg6+ Kxg6 38. f8=Q Rxf8 39. Rxf8 Qxf8 40.
Bxe4+ Kg7 41. Qxh5 Qh8 42. Qg6+ Kf8 43. c6 Re7 44. Qf5+ Ke8 45. g6 Kd8 46. Bg5
Bd4+ 47. Kg2 Qe8 48. Qd5+ Kc7 49. Bxe7 1-0

[Event "12sen.WM-H Naumburg"]
[Site "Naumburg/Saale(20.10.-03.11.)"]
[Date "2002.10.31"]
[Round "9"]
[White "Kraemer, Franz_Josef"]
[Black "Smits, Oswald"]
[Result "1-0"]
[WhiteElo "1801"]
[BlackElo "1654"]
[PlyCount "45"]
[EventDate "2002.11.??"]

1. e4 c5 2. Nf3 e6 3. Nc3 a6 4. d4 cxd4 5. Nxd4 Qc7 6. Bd3 Nf6 7. O-O Bc5 8.
Be3 O-O 9. f4 d6 10. Na4 Ba7 11. Qf3 b5 12. Nc3 Bb7 13. Qh3 g6 14. Rae1 b4 15.
e5 Ne8 16. Ne4 Qe7 17. f5 exf5 18. Nxf5 Bxe3+ 19. Rxe3 Qd7 20. Nf6+ Nxf6 21.
exf6 h5 22. Ne7+ Kh7 23. Qxh5# 1-0

[Event "12sen.WM-H Naumburg"]
[Site "Naumburg/Saale(20.10.-03.11.)"]
[Date "2002.10.31"]
[Round "9"]
[White "Krieger, Hermann"]
[Black "Zakhvatov, Vladimir"]
[Result "1-0"]
[WhiteElo "2237"]
[BlackElo "2314"]
[PlyCount "65"]
[EventDate "2002.11.??"]

1. e4 e6 2. d4 d5 3. Nd2 Nf6 4. e5 Nfd7 5. f4 c5 6. c3 Nc6 7. Ndf3 Qb6 8. a3
cxd4 9. cxd4 f6 10. Bd3 Be7 11. Ne2 O-O 12. Qc2 f5 13. h3 Rf7 14. g4 Nf8 15.
Be3 a5 16. Nc3 Qd8 17. Ke2 g6 18. gxf5 gxf5 19. Rag1+ Rg7 20. Kd1 Rxg1+ 21.
Rxg1+ Kf7 22. Nb5 Qb6 23. Qg2 Ke8 24. Qg8 Bd7 25. Rg7 Nd8 26. a4 Rc8 27. Ng5
Rc4 28. Rxe7+ Kxe7 29. Qg7+ Ke8 30. Nd6+ Qxd6 31. exd6 Bxa4+ 32. Kd2 Rb4 33.
Qe7# 1-0

[Event "12sen.WM-H Naumburg"]
[Site "Naumburg/Saale(20.10.-03.11.)"]
[Date "2002.10.31"]
[Round "9"]
[White "Kripp, Wolfgang"]
[Black "Mann, Klaus_Dieter"]
[Result "1-0"]
[WhiteElo "2172"]
[BlackElo "1979"]
[PlyCount "63"]
[EventDate "2002.11.??"]

1. e4 d6 2. d4 Nf6 3. Nc3 g6 4. f4 c6 5. Bd3 Bg7 6. Nf3 O-O 7. O-O e5 8. dxe5
dxe5 9. Nxe5 h5 10. h3 Nbd7 11. Nxd7 Bxd7 12. Be3 b6 13. Qf3 Qe7 14. a3 Rad8
15. Rae1 Bc8 16. Qg3 Nh7 17. e5 Kh8 18. Kh1 Qc7 19. Bc1 Rfe8 20. Ne4 Rg8 21. b3
Bf5 22. Bb2 Nf8 23. Nf6 Bxd3 24. cxd3 Bxf6 25. exf6 Nh7 26. Re7 Rd7 27. Be5 Qd8
28. d4 Qc8 29. Qh4 Qb7 30. Rf3 c5 31. f5 cxd4 32. fxg6 1-0

[Event "12sen.WM-H Naumburg"]
[Site "Naumburg/Saale(20.10.-03.11.)"]
[Date "2002.10.31"]
[Round "9"]
[White "Krischer, Ulrich"]
[Black "Meiling, Hermann"]
[Result "1/2-1/2"]
[WhiteElo "1730"]
[BlackElo "2028"]
[PlyCount "49"]
[EventDate "2002.11.??"]

1. d4 d5 2. Nf3 e6 3. e3 Nf6 4. c4 Be7 5. Nc3 O-O 6. b3 b6 7. Be2 Bb7 8. O-O c5
9. Ba3 cxd4 10. Bxe7 Qxe7 11. Nxd4 Rd8 12. cxd5 Nxd5 13. Nxd5 Bxd5 14. Bf3 Qb7
15. Qe2 e5 16. Bxd5 Qxd5 17. Nf5 Qe6 18. Qf3 Na6 19. Rfd1 g6 20. Ng3 Nc5 21. h3
e4 22. Qf4 f5 23. Rxd8+ Rxd8 24. Qc7 Rd7 25. Qb8+ 1/2-1/2

[Event "12sen.WM-H Naumburg"]
[Site "Naumburg/Saale(20.10.-03.11.)"]
[Date "2002.10.31"]
[Round "9"]
[White "Kristiansen, Erling"]
[Black "Dorawa, Bernhard"]
[Result "1/2-1/2"]
[WhiteElo "2257"]
[BlackElo "2148"]
[PlyCount "41"]
[EventDate "2002.11.??"]

1. d4 Nf6 2. c4 e6 3. Nf3 b6 4. g3 Ba6 5. Qc2 c5 6. Bg2 Bb7 7. O-O cxd4 8. Nxd4
Bxg2 9. Kxg2 Qc8 10. Bg5 Be7 11. f3 O-O 12. Nd2 Nc6 13. Nb5 a6 14. Nc3 d5 15.
cxd5 Nb4 16. Qb3 Nbxd5 17. Nxd5 Nxd5 18. Rac1 Qb7 19. Bxe7 Nxe7 20. Rfd1 Rfd8
21. Ne4 1/2-1/2

[Event "12sen.WM-H Naumburg"]
[Site "Naumburg/Saale(20.10.-03.11.)"]
[Date "2002.10.31"]
[Round "9"]
[White "Krueger, Erich"]
[Black "Littlewood, John_E"]
[Result "0-1"]
[WhiteElo "2223"]
[BlackElo "2292"]
[PlyCount "100"]
[EventDate "2002.11.??"]

1. d4 Nf6 2. c4 g6 3. Nc3 d5 4. cxd5 Nxd5 5. e4 Nxc3 6. bxc3 Bg7 7. Nf3 O-O 8.
Be2 c5 9. Rb1 Nc6 10. d5 Bxc3+ 11. Bd2 Bxd2+ 12. Qxd2 Na5 13. h4 Bg4 14. h5
Bxf3 15. gxf3 e5 16. hxg6 fxg6 17. d6 b6 18. Qd5+ Kg7 19. Qxe5+ Qf6 20. Qxf6+
Rxf6 21. e5 Rf5 22. e6 Re5 23. e7 Re6 24. Rd1 Nb7 25. Rh4 Nxd6 26. Rxd6 Rxd6
27. Re4 Kf7 28. Bc4+ Ke8 29. Bb5+ Rd7 30. Rf4 Kxe7 31. Bxd7 Kxd7 32. Rf7+ Kd6
33. Rxh7 Re8+ 34. Kd2 Re7 35. Rh8 b5 36. Rg8 Re6 37. Ra8 Re7 38. Rg8 Re6 39.
Ra8 Kd5 40. Rxa7 Kc4 41. Ra3 b4 42. Ra5 g5 43. a3 Rd6+ 44. Kc1 b3 45. a4 Rf6
46. Ra8 Kc3 47. Re8 Rxf3 48. Re5 c4 49. a5 Rxf2 50. Re3+ Kb4 0-1

[Event "12sen.WM-H Naumburg"]
[Site "Naumburg/Saale(20.10.-03.11.)"]
[Date "2002.10.31"]
[Round "9"]
[White "Kuczmera, Manfred"]
[Black "Kuhnert, Werner"]
[Result "1/2-1/2"]
[WhiteElo "1608"]
[BlackElo "1217"]
[PlyCount "42"]
[EventDate "2002.11.??"]

1. d4 e6 2. c4 c6 3. Nf3 d5 4. e3 Nf6 5. Be2 Be7 6. O-O O-O 7. Nc3 Nbd7 8. Qc2
Nb6 9. c5 Nbd7 10. Bd3 g6 11. b4 Qc7 12. Bb2 e5 13. dxe5 Nxe5 14. Nxe5 Qxe5 15.
Ne4 Qe6 16. Nxf6+ Bxf6 17. Bxf6 Qxf6 18. a3 Qg5 19. Be2 Bh3 20. Bf3 Bg4 21.
Bxg4 Qxg4 1/2-1/2

[Event "12sen.WM-H Naumburg"]
[Site "Naumburg/Saale(20.10.-03.11.)"]
[Date "2002.10.31"]
[Round "9"]
[White "Kuhn, Arno[29Ludw]"]
[Black "Fischer, Paul[37Hiltr]"]
[Result "0-1"]
[WhiteElo "1532"]
[BlackElo "1766"]
[PlyCount "130"]
[EventDate "2002.11.??"]

1. d4 g6 2. e4 Bg7 3. Nf3 c6 4. Be3 d5 5. e5 h5 6. Qd2 Nh6 7. h3 Nf5 8. Bg5 f6
9. Bf4 O-O 10. Bd3 Qb6 11. c3 g5 12. Bh2 g4 13. hxg4 hxg4 14. Ng1 c5 15. Ne2 c4
16. Bxf5 Bxf5 17. Bf4 fxe5 18. Bh6 Qg6 19. Bxg7 Kxg7 20. Na3 Nd7 21. Ng3 Rh8
22. Nxf5+ Qxf5 23. Ke2 Qe4+ 24. Qe3 Qf4 25. g3 Qf6 26. Nb5 e6 27. a4 a6 28. Na3
exd4 29. cxd4 e5 30. dxe5 Qxe5 31. Qxe5+ Nxe5 32. Rxh8 Rxh8 33. Rd1 Nd3 34. Rd2
Re8+ 35. Kf1 Re6 36. Nc2 Rb6 37. Ne3 Rxb2 38. Rxb2 Nxb2 39. Nxd5 Nxa4 40. Ke1
Nc5 41. Ne3 Nd3+ 42. Ke2 Ne5 43. Kd2 b5 44. Kc3 Kg6 45. Kb4 Kg5 46. Ka5 c3 47.
Nc2 Nd3 48. Kxa6 b4 49. Nd4 Nxf2 50. Kb5 Ne4 51. Kxb4 Nxg3 52. Kxc3 Kf4 53. Kd3
Nh1 54. Ke2 Ke4 55. Nc2 Ng3+ 56. Kf2 Nf5 57. Kg2 Kf4 58. Ne1 Nh4+ 59. Kf1 Kg3
60. Nd3 Kh2 61. Ke2 g3 62. Ne1 Ng2 63. Nf3+ Kh1 64. Ng1 Kxg1 65. Kf3 Kh2 0-1

[Event "12sen.WM-H Naumburg"]
[Site "Naumburg/Saale(20.10.-03.11.)"]
[Date "2002.10.31"]
[Round "9"]
[White "Langer, Wolfgang[39Leipz]"]
[Black "Klempt, Guenter"]
[Result "1-0"]
[WhiteElo "1813"]
[BlackElo "2069"]
[PlyCount "53"]
[EventDate "2002.11.??"]

1. d4 g6 2. g3 Bg7 3. Bg2 Nf6 4. e4 d5 5. e5 Ng8 6. Nf3 e6 7. c3 Ne7 8. Bg5 h6
9. Bd2 b6 10. O-O O-O 11. Na3 Ba6 12. Re1 c5 13. Nc2 Nbc6 14. Ne3 Bd3 15. Ng4
Be4 16. Nxh6+ Kh8 17. Bg5 Qd7 18. Qd2 f5 19. exf6 Bxf6 20. Bxf6+ Rxf6 21. Ng4
Rff8 22. Qh6+ Kg8 23. Ng5 Rf5 24. Bxe4 dxe4 25. Qh7+ Kf8 26. Nh6 Ke8 27. Nxf5
1-0